000 00969nmm a2200289 a 4500
003 AR-BaBNM
005 20251128202848.0
008 266019s1989 ||||||||||||||000 | spa||
040 _cAR-BaBNM
100 1 _aRodríguez Pérez, Carlos Alberto
245 1 0 _aEl derecho y la justicia en la educación
260 _aBuenos Aires
_bMinisterio de Educación y Justicia
_c1989
300 0 _a204 p.
500 0 _aEl autor desempeñaba en 1989 el cargo de Director General de Asuntos Jurídicos del Ministerio de Educación y Justicia
504 _aBibliografía: p. 203-204
650 4 _aCONSTITUCIONES
650 4 _aDERECHO A LA EDUCACION
650 4 _aDERECHO CONSTITUCIONAL
650 4 _aDERECHOS CIVILES Y POLITICOS
650 4 _aCONDICIONES DE TRABAJO DEL DOCENTE
651 4 _aArgentina
653 0 _aLEGISLACION EDUCATIVA
653 0 _aESTATUTO DEL DOCENTE
700 1 _aAlconada Aramburú, Carlos R.S.
_eprologuista
942 _cBK
998 _cSILVI
999 _c937
_d937